000 01240nam a2200301 i 4500
001 98517
003 ES-MaACL
005 20251103115931.0
007 t|
008 050929s1907 sp ||||1| spa d
080 _a913(460.322)
080 _a94(460.322)
100 1 _aLafuente Vanrell, Lorenzo.
_969543
245 1 0 _aGeografía e historia de Menorca /
_cpor D. Lorenzo Lafuente Vanrell ; obra ilustrada con fotografías de D. Mauricio Hernández y croquis del autor.
260 _aBarcelona :
_bRevista Científico-Militar,
_c1907.
300 _a178 p., [1] h. pleg. de mapa :
_bil., fot. ;
_c23 cm.
490 1 _aPublicaciones de la Revista científico-militar y Biblioteca militar
504 _aBibliografía: p. [164]-174.
530 _aDisponible en formato digital.
651 4 _aMenorca-
_xGeografía.
_9173435
651 4 _aMenorca-
_xHistoria.
_9137257
700 1 _aHernández, Mauricio.
_9157903
830 1 _aPublicaciones de la Revista científico-militar y Biblioteca militar
_9183232
852 4 _aES-MaACL
_jG-9136(2)
_z- Enc. con otra obra
856 4 _uhttps://bvpb.mcu.es/es/consulta/registro.do?id=488487
_y(Biblioteca Virtual del Patrimonio Bibliográfico)
942 _2udc
999 _c98517
_d98517